000 00633nam a2200193 a 4500
003 PILC
005 20160223072734.0
008 091208s19uu xx 00 eng d
020 _a0415492386
020 _a9780415492386
050 _aG 155.A1
_b.Ad283 2010
245 _aAdvances in Tourism destination marketing :
_bmanaging networks /
_cedited by: Metin Kozak, Juergen Gnoth, Luisa Andreu.
260 _aLondon :
_bRoutledge,
_c2010.
300 _a257 pages :
_c24 cm.
_billustrations ;
500 _aIncludes bibliographical references and index.
650 _aTourism
_xMarketing.
942 _cBK
_2lcc
_kFOR
999 _c23831
_d23831